000 00407nam a2200169Ia 4500
008 230524s9999 xx 000 0 und d
020 _a9780070617131
082 _a5.133
_bBAL
100 _aE.Balagurusamy
245 0 _aProgramming with JAVA : A Primer
250 _a2ND
260 _aNEW DELHI
_bTMH
_c2002
300 _aXXV;453
500 _aQuantity Number: 106
650 _aComp-Sc
942 _cBK
999 _c22532
_d22532